LEADER 00536nab a2200133 i 4500 001 000000328478 003 CaOOAMICUS 005 20180831173601.0 008 180831n it uu u0 0ita r 013 $a40095 040 $aSeMil$bita 245 10$aPerchè la carità non abbia finzioni. Un regolamento per la vita comune. - In [rubrica] :$bItinerari. 773 0 $t[GENNAIO 1996]. - 32 p.$gp.8$w()290972 996 $6245$aPerchè la carità non abbia finzioni. Un regolamento per la vita comune. - In [rubrica] :$bItinerari.$9(OLS)http://semarc/title/417042 LEADER 01185nam a2200265 i 4500 001 000000057355 003 CaOOAMICUS 005 20251107122007.0 008 040622s1979 it u000 u ita u 013 $a28527 040 $aSeMil$bita 100 1 $aBrolis, Piero <1920-1978>.$0(OLS)http://semarc/name/29145 245 10$aBrolis :$bl'uomo e l'artista /$cAmanzio Possenti ; con interventi di Lino Lazzari, Giorgio Mascherpa, Trento Longaretti. 260 $aBergamo :$bGrafica e Arte Bergamo,$cstampa 1979. 300 $a154 p. :$briccamente ill. ;$c27 cm. 700 1 $aPossenti, Amanzio <1935->.$0(OLS)http://semarc/name/9326 700 1 $aLongaretti, Trento <1916-2017>.$0(OLS)http://semarc/name/90322 700 1 $aMascherpa, Giorgio.$0(OLS)http://semarc/name/8520 700 1 $aLazzari, Lino.$0(OLS)http://semarc/name/29146 850 $aSeMil 852 $aSeMil$W1$xVenegono$y1$m5Q XI 14$j23509$B23509$CSeMilBibl$Z2$F23511 $81 961 $aOmaggio: Mezzanotti mons. Alessandro 996 $6245$aBrolis :$bl'uomo e l'artista$9(OLS)http://semarc/title/89263 996 $6260$aBergamo :$bGrafica e Arte Bergamo$9(OLS)http://semarc/publisher/39780